Aktuálne trendy a smery zdokonaľovania v podnikovej logistike

Na základe prevedenej analýzy zhodnotenie trendov a smerov zdokonaľovania v podnikovej logistike a skrátená verzia (náčrt) podporných metód a koncepcií v danom sektore.

Saved in:
Bibliographic Details
Main Author: Dupaľ, Andrej
Other Authors: Richnák, Patrik, 1988-
Format: Book Chapter
Language:Slovak
Subjects:
Tags: Add Tag
No Tags, Be the first to tag this record!

MARC

LEADER 00000nla a2200000 4500
001 0240108
005 20240502073908.8
041 0 |a slo 
044 |a SK 
245 1 0 |a Aktuálne trendy a smery zdokonaľovania v podnikovej logistike  |c Andrej Dupaľ, Patrik Richnák 
520 |a Na základe prevedenej analýzy zhodnotenie trendov a smerov zdokonaľovania v podnikovej logistike a skrátená verzia (náčrt) podporných metód a koncepcií v danom sektore. 
610 2 0 |a logistika 
610 2 0 |a logistika podniková 
610 2 0 |a systémy informačné logistické 
610 2 0 |a vývoj 
610 2 0 |a manažment 
610 2 0 |a podnik 
100 1 |a Dupaľ, Andrej 
700 1 |a Richnák, Patrik, 1988-